Investigación cualitativa en psicología : (Registro nro. 30843)
[ vista simple ]
| 000 -CABECERA | |
|---|---|
| Longitud fija campo de control | 01019nam a2200205 a 4500 |
| 003 - • IDENTIFICADOR DELl NÚMERO DE CONTROL | |
| Identificador del número de control | CO-ViMGA |
| 008 - • CÓDIGOS DE INFORMACIÓN DE LONGITUD FIJA | |
| Códigos de información de longitud fija | 141112s2004 ck r 000 u spa d |
| 040 ## - FUENTE DE LA CATALOGACIÓN | |
| Centro catalogador de origen | CO-ViMGA |
| Lengua de catalogación | spa |
| Centro transcriptor | CO-ViMGA |
| 082 04 - • NÚMERO DE LA CLASIFICACIÓN DECIMAL DEWEY | |
| Número de clasificación (R) | 150.72 G659i |
| 100 1# - • PUNTO DE ACCESO PRINCIPAL-NOMBRE DE PERSONA | |
| Nombre de persona | Gonzalez Rey, Fernando |
| 245 10 - • TITULO PROPIAMENTE DICHO | |
| Título | Investigación cualitativa en psicología : |
| Resto del título | Rumbos y desafíos |
| 300 ## - • DESCRIPCIÓN FÍSICA | |
| Extensión | 123 |
| 505 ## - • NOTA DE CONTENIDO CON FORMATO | |
| Nota de contenido con formato | Diferentes aproximaciones a la investigación cualitativa : fundamentos epistemológicos 1 - 30 - - Algunos presupuestos generales del desarrollo de la investigación cualitativa en psicología 35 - 51 - - El trabajo de campo en la Investigación psicologica y el proceso de construción de la información en la investigación cualitativa 63 - 94 |
| 590 ## - NOTAS LOCALES | |
| Nota local | Forma de adquisición : Compra - - Precio : 38.000 - - Proveedor : Dismet - - Fecha de adquisición : 2008 |
| 650 14 - • PUNTO DE ACCESO ADICIONAL DE MATERIA - TÉRMINO DE MATERIA | |
| Término de materia o nombre geográfico como elemento inicial | PSICOLOGIA - InvestigaciónES |
| 650 14 - • PUNTO DE ACCESO ADICIONAL DE MATERIA - TÉRMINO DE MATERIA | |
| Término de materia o nombre geográfico como elemento inicial | PSICOLOGIA EXPERIMENTAL |
| 942 ## - ENTRADA DE ELEMENTOS AGREGADOS (KOHA) | |
| Fuente de clasificaión o esquema | Dewey Decimal Classification |
| Koha [por defecto] tipo de item | LIbro |
| Perdido | Fuente de clasificación o esquema | Estado Físico | No para préstamo | Forma de adquisición | Localización permanente | Localización actual | Fecha adquisición | Serie de enumeración / cronolog&íacute;a | Préstamos totales | Signatura completa | Código de barras | Fecha última consulta | Número de copia | Fecha del precio de reemplazo | Tipo de item de Koha |
|---|---|---|---|---|---|---|---|---|---|---|---|---|---|---|---|
| Dewey Decimal Classification | Sala Especializada Tercer Piso | Biblioteca Pública Germán Arciniegas - Villavicencio | Biblioteca Pública Germán Arciniegas - Villavicencio | 12/04/2015 | Volumen. 1 | 11/jun/2009 | 150.72 G659i | 22542 | 12/04/2015 | Ej. 1 | 12/04/2015 | LIbro |